000 00298nam a2200133Ia 4500
005 20251222143133.0
008 251222s9999||||xx |||||||||||||| ||spa||
020 _a84-254-1420-2
082 _a236/N71
100 _aNocke, Franz-Josef
245 0 _aEscatología
264 _bHerder
942 _cLIB
999 _c12015
_d12015